|
|
|
|
| LEADER |
00766pam a2200193 i 4500 |
| 008 |
800909s1981 nyua b 001 0 eng |
| 020 |
|
|
|a 0471050644
|
| 080 |
|
|
|a 515.165
|b GIL
|
| 100 |
1 |
|
|a Gilmore, Robert,
|9 2494
|
| 245 |
1 |
0 |
|a Catastrophe theory for scientists and engineers /
|c Robert Gilmore.
|
| 260 |
|
|
|a New York :
|b Wiley,
|c c1981.
|
| 300 |
|
|
|a xvii, 666 p. :
|b ill. ;
|
| 500 |
|
|
|a "A Wiley-Interscience publication."
|
| 650 |
|
0 |
|a Catastrophes (Mathematics)
|9 2495
|
| 650 |
|
0 |
|a Catastrophes (Mathematics)
|x Scientific applications.
|9 2496
|
| 650 |
|
0 |
|a Catastrophes (Mathematics)
|x Industrial applications.
|9 2497
|
| 942 |
|
|
|c BK
|6 _
|
| 999 |
|
|
|c 217715
|d 217715
|
| 952 |
|
|
|0 0
|1 0
|4 0
|6 515165_GIL
|7 0
|9 282038
|a MAT
|b MAT
|d 2009-12-08
|o 515.165 GIL
|p MAT03011
|r 2009-12-08
|t 1
|w 2009-12-08
|y BK
|